| 000 | 01090nam a2200265Ia 4500 | ||
|---|---|---|---|
| 003 | IN-BaIIA | ||
| 008 | 211028s9999 xx 000 0 eng d | ||
| 020 | _a0-7923-1164-7 | ||
| 040 | _cIIA Library | ||
| 080 |
_a52(082.1) _bASS-167 |
||
| 111 |
_aColloquium of the International Astronomical Union _cGermany _d1989 Apr. 24-28 _917575 |
||
| 245 | 0 |
_aComets in the post-halley era _bvol. 1, reviews presented at the 121st colloquium of the International Astronomical Union held in Bamberg, Germany, April 24-28, 1989 _cedited by R. L. Newburn, M. Neugebauer and Rahe J. |
|
| 260 |
_aDordrecht _bKulwer Academic _c1991 |
||
| 300 | _a2v. (xiv, 688p.) | ||
| 490 | _aAstrophysics and Space Science Library; v. 167 | ||
| 650 | _aAstronomy and Astrophysics Thesaurus | ||
| 650 |
_aComet Halley _94021 |
||
| 650 |
_aComets _9755 |
||
| 650 |
_aPost-Halley _917576 |
||
| 700 |
_aNeugebauer, M., ed. _917577 |
||
| 700 |
_aNewburn, R. L., ed. _917578 |
||
| 700 |
_aRahe, J., ed. _910098 |
||
| 710 | _aInternational Astronomical Union | ||
| 942 | _cBK | ||
| 999 |
_c10345 _d10345 |
||